000
00315nam a22001337a 4500
008
170714b xxu||||| |||| 00| 0 eng d
020
_a
9780756518738
041
_a
eng
080
_a
101
100
_a
24
101
_a
FJA
245
_a
ARISTOTLE PHILOSOPHER, TEACHER AND SCIENTIST
_c
COOPER,SH,K
942
_2
udc
_c
BK
999
_c
20717
_d
20717